000 00990cam a22002411 4500
001 10101822
003 ARRUPE
005 20140923115512.0
008 800314s1911 enk 000 0 eng
010 _a 11029832
035 _a(OCoLC)6080456
040 _aDLC
_cOCl
_dOCoLC
_dDLC
042 _apremarc
050 0 0 _aBD331
_b.T4
100 1 _aTemple, William,
_d1881-1944.
_911479
245 1 4 _aThe nature of personality,
_ba course of lectures,
_cby William Temple.
260 _aLondon,
_bMacmillan and co., limited,
_c1911.
300 _axxxii, 120 p.
_c19 cm.
500 _a"Lectures ... delivered in Oxford in the Lent term of 1910 ... The introductory lecture [Materialism and agnosticism] was not part of the course; it was delivered in the universities of Sydney and Melbourne in August, 1910, under the auspices of the Australian student Christian union."
650 0 _aPersonality.
_911480
906 _a7
_bcbc
_coclcrpl
_du
_encip
_f19
_gy-gencatlg
942 _2lcc
_cMONOGRAPH
999 _c120905
_d120905